Power system transients (Record no. 180512)

000 -LEADER
fixed length control field 01566 a2200181 4500
003 - CONTROL NUMBER IDENTIFIER
control field Nust
005 - DATE AND TIME OF LATEST TRANSACTION
control field 20221027181613.0
020 ## - INTERNATIONAL STANDARD BOOK NUMBER
International Standard Book Number 8120310055
040 ## - CATALOGING SOURCE
Transcribing agency Nust
082 ## - DEWEY DECIMAL CLASSIFICATION NUMBER
Classification number 621.31
100 ## - MAIN ENTRY--PERSONAL NAME
Personal name Indulkar, C. S.
9 (RLIN) 101578
245 ## - TITLE STATEMENT
Title Power system transients
Remainder of title a statistical approach /
Statement of responsibility, etc. C. S. Indulkar & D. P. Kothari
260 ## - PUBLICATION, DISTRIBUTION, ETC.
Place of publication, distribution, etc. Prentice Hall
Name of publisher, distributor, etc. New Delhi
Date of publication, distribution, etc. 2003
300 ## - PHYSICAL DESCRIPTION
Extent 176 p.
505 ## - FORMATTED CONTENTS NOTE
Formatted contents note Probability Distribution of Switching Surge Overvoltages (Page-5-17), Application of Insulators to Withstand Switching Surges (Page-18-26), Probability of Failure of an EHV Transmission Line (Page-27-39), Accuracy of Statistical Methods in Insulation Evaluation (Page-40-45), Statistical Estimation of Phase to Phase Risk of Failure (Page-46-57), Suitability of Gaussian Stress Distribution for Statistical Line Insulation Design (Page- 58-62), Statistical Distribution of Impulse Breakdown in Oil –Filled Cable (Page-63-70), Method of Grading EHV Cables Based on Statistical Breakdown Stress (Page-71-81), Probability of Failure of Motor Windings (Page-82-102), Frequency of Occurrence of Lightning Flashes and Shielding of Transmission Lines (Page- 103-116), Characteristics of External Insulation (Page-117-124), A Case Study of Statistical Switching Over-Voltages in a Phase-Shifting Transformer (Page-137-146), Statistical Evaluation of Peak Switching Over Voltages in EHV Overhead Lines (Page-147-154), Statistical Evaluation of Peak Switching Over Voltage in EHV Underground Cables (Page-155-162).
650 ## - SUBJECT ADDED ENTRY--TOPICAL TERM
Topical term or geographic name entry element Power system
9 (RLIN) 101579
942 ## - ADDED ENTRY ELEMENTS (KOHA)
Source of classification or shelving scheme
Koha item type Book
Holdings
Withdrawn status Lost status Source of classification or shelving scheme Damaged status Not for loan Permanent Location Current Location Shelving location Date acquired Full call number Barcode Date last seen Price effective from Koha item type Public note
          Military College of Signals (MCS) Military College of Signals (MCS) General Stacks 12/12/2016 621.31,IND MCS30916 12/08/2016 12/12/2016 Book Almirah No.28, Shelf No.6
© 2023 Central Library, National University of Sciences and Technology. All Rights Reserved.